000 00191 a2200097 4500
020 _a9780141022819
041 _aeng
100 _aDe los Santos, Marisa
245 _alOVE WALKED IN
942 _cBK
999 _c9011
_d9011